00599 2200229 4500001002100000005001500021035002000036007000300056008004100059020002200100082000800122084001400130100001700144245005600161250001000217260003500227300003100262504002900293600002500322990001100347990001100358INLIS00000000000329220190608102433 a0010-0619000041ta190608 g 0 ind  a978-602-6348-59-3 a634 a634 TRI u0 aTRI, Susanto1 aUntung Berlipat dari Berkebun Pisang /cTri Susanto acet.1 a[s.l] :bAir Publishing,c2016 a99 hlm. :bilus. ;c21 cm. aBibliografi : hlm. 98-99 4aTANAMAN BUAH. PISANG a6730 a a6730 b